Classiques Disney: Méchants - Statistiques

Statistiques générales
  • Ce quiz a été pris 198 fois
  • Le résultat moyen est 18 sur 50
Statistiques - réponses
Film Personnage % Correct
Les 101 Dalmatiens Cruella / Horace / Jasper
87%
Blanche Neige et les sept nains Reine / Sorcière
83%
Aladdin Jafar
80%
Le Roi Lion Scar
79%
La Petite Sirène Ursula / Flotsam / Jetsam
79%
Hercule Hades
78%
La Belle au bois dormant Maléfique
78%
Bambi Chasseur / Ronno
77%
La ***** et la Bête Gaston
74%
La Reine des Neiges Hans
71%
Alice au pays des merveilles Reine de Coeur
70%
Cendrillon Marâtre / Javotte / Anastasie
64%
Le Livre de la Jungle Shere-Kan / Roi Louis / Kaa
62%
Le Bossu de Notre-Dame Frollo
59%
Les Aristochats Edgar
56%
Raiponce Gothel
54%
Robin des Bois Prince Jean / Shérif
54%
Kuzco, L'Empereur Mégalo Yzma
53%
La Belle et le Clochard Rat / Tante Sarah / Si / Am
49%
La Princesse et la Grenouille Facilier
48%
Merlin l'Enchanteur Madame Mim / Kay / Hector
45%
Mulan Shan Yu
40%
Pinocchio Stromboli / Grand Coquin / Monstro
40%
Tarzan Clayton
39%
Vaïana, la légende du bout du monde Tamatoa / Te ka / Te fiti
36%
Les aventures de Bernard et Bianca Medusa
33%
Basil Détective Privé Ratigan
29%
Dumbo Monsieur Loyal
22%
Les Mondes de Ralph Turbo
16%
Taram et le Chaudron Magique Seigneur des Ténèbres
13%
Les Nouveaux Héros Callaghan
10%
Rox et Roucky Amos Slade
9%
Zootopie Bellwether
9%
Peter Pan Captaine Crochet
9%
Lilo et Stitch Gantu
9%
Frères des ours Denahi
7%
Dinosaure Velociraptors / Kron
7%
La Planète au Trésor: Un nouvel univers John Silver
6%
Atlantide, l'Empire Perdu Rourke
6%
La Ferme se rebelle Alameda Slim
5%
Volt, Star malgré lui Calico
5%
Bienvenue chez les Robinson Doris / L'homme au chapeau melon
5%
Chicken Little Foxy / Goosey / Aliens
5%
Les aventures de Winnie l'Ourson Ephélants
4%
Raya et le Dernier Dragon Druun
3%
Oliver et Compagnie Bill Sykes / Rosco / DeSoto
2%
Pocahontas , la légende indienne Percival McLeach
2%
Ralph 2.0 Arthur
1%
La Reine des Neiges 2 Runeard
1%
Les aventures de Bernard et Bianca au pays des Kangourous Bernard
0%
Aucun quiz correspondant
Distribution des résultats
% des personnes avec chaque résultat
Percentile par nombre de réponses
Votre historique - résultats
Vous n’avez pas pris ce quiz